000 00326nam a22001337a 4500
008 181221b xxu||||| |||| 00| 0 eng d
020 _a0070371768
041 _aeng
080 _24 TH
_a316
100 _a316
101 _aSOC
245 _aHuman Societes An Introduction To Macrosociology
_cLenski.L
942 _2udc
_cBK
999 _c53615
_d53615